000 00577nam a2200181 i 4500
001 64557
003 ES-MaACL
007 t|
008 031229s1974 sp ||||1| spa d
100 1 _aFontán, Antonio.
_951585
245 1 0 _aHumanismo romano
_b: (clásicos - medievales - modernos) /
_cAntonio Fontán.
260 _aBarcelona :
_bPlaneta,
_c[1974]
300 _a338 p. ;
_c22 cm.
490 1 _aEnsayos Planeta de historia y humanidades
830 0 _aEnsayos Planeta de historia y humanidades
_9230721
852 _aES-MaACL
_jE-7057
_bR.91279
999 _c64557
_d64557